[Event "Pardubice op rapid 29th"]
[Site "Pardubice"]
[Date "2018.07.19"]
[Round "4"]
[White "Zakhartsov, Viacheslav V"]
[Black "Kathmale, Sameer"]
[Result "1-0"]
[WhiteElo "2539"]
[BlackElo "2323"]
[PlyCount "91"]
[EventDate "2018.07.18"]
[EventType "swiss (rapid)"]
[EventRounds "9"]
[EventCountry "CZE"]
[SourceTitle "CBM 185 Extra"]
[Source "ChessBase"]
[SourceDate "2018.07.29"]
[SourceVersion "1"]
[SourceVersionDate "2018.07.29"]
[SourceQuality "1"]

1. d4 d5 2. c4 c6 3. Nc3 Nf6 4. e3 Bf5 5. cxd5 cxd5 6. Qb3 Nc6 7. Qxb7 Bd7 8. Qb3 Rb8 9. Qd1 e5 10. dxe5 Nxe5 11. Nge2 Bd6 12. Nf4 Bc6 13. Be2 Ng6 14. 0-0 Bxf4 15. exf4 d4 16. Nb1 Nh4 17. f3 Nf5 18. Qc2 Qd7 19. Na3 Nd5 20. Nc4 Nb4 21. Qxf5 Qxf5 22. Nd6+ Kf8 23. Nxf5 d3 24. Bd1 g6 25. Nd4 Bd5 26. b3 Kg7 27. Bb2 f6 28. a3 Na6 29. Rc1 Rhe8 30. Rc3 d2 31. Kf2 Rb7 32. Be2 Nc7 33. Rd1 Bf7 34. g3 Nd5 35. Rd3 Rbe7 36. R1xd2 Ne3 37. Nc6 Re6 38. Nd8 R6e7 39. Nxf7 Kxf7 40. Rd7 Nf5 41. Bc4+ Kg7 42. Rxe7+ Nxe7 43. Rd6 Nf5 44. Bxf6+ Kf8 45. Rd7 Rc8 46. Rxh7 1-0

[Event "Lvov Vasylyshyn Memorial-A 14th"]
[Site "Lvov"]
[Date "2017.12.07"]
[Round "9"]
[White "Zakhartsov, Viacheslav V"]
[Black "Martynkova, Olena"]
[Result "1-0"]
[WhiteElo "2543"]
[BlackElo "2261"]
[PlyCount "107"]
[EventDate "2017.11.29"]
[EventType "tourn"]
[EventRounds "9"]
[EventCountry "UKR"]
[EventCategory "7"]
[SourceTitle "CBM 182"]
[Source "ChessBase"]
[SourceDate "2018.01.17"]
[SourceVersion "1"]
[SourceVersionDate "2018.01.17"]
[SourceQuality "1"]

1. d4 Nf6 2. Nf3 g6 3. c4 Bg7 4. Nc3 0-0 5. e4 d6 6. Be2 e5 7. 0-0 Na6 8. Be3 c6 9. d5 Ng4 10. Bg5 f6 11. Bh4 c5 12. Ne1 h5 13. h3 Nh6 14. a3 Nf7 15. Nd3 Bd7 16. b4 b6 17. b5 Nc7 18. a4 a5 19. bxa6 Rxa6 20. Qc2 g5 21. Bg3 g4 22. hxg4 hxg4 23. Bh4 Nh8 24. Qd1 Ng6 25. Bxg4 Nxh4 26. Bxd7 Qxd7 27. Qh5 Nxg2 28. Kxg2 f5 29. Rh1 Rf6 30. Rag1 Qf7 31. Qh7+ Kf8 32. Kf1 Ne8 33. Rg3 f4 34. Rg5 f3 35. Rh3 Qd7 36. Ne1 Rxa4 37. Nxa4 Qxa4 38. Rxf3 Qd7 39. Rgf5 Qe7 40. Ng2 Rxf5 41. Rxf5+ Nf6 42. Ne3 Ke8 43. Qg6+ Kd8 44. Ng4 Nxg4 45. Qxg4 Bf8 46. Qg6 Qe8 47. Qxe8+ Kxe8 48. Ke2 Bh6 49. Rf6 Bf8 50. Kd3 Ke7 51. Re6+ Kd7 52. Kc3 Kc7 53. Kb3 Kb7 54. Rf6 1-0

[Event "Lvov Vasylyshyn Memorial-A 14th"]
[Site "Lvov"]
[Date "2017.12.05"]
[Round "7"]
[White "Zakhartsov, Viacheslav V"]
[Black "Pacher, Milan"]
[Result "1/2-1/2"]
[WhiteElo "2543"]
[BlackElo "2449"]
[PlyCount "47"]
[EventDate "2017.11.29"]
[EventType "tourn"]
[EventRounds "9"]
[EventCountry "UKR"]
[EventCategory "7"]
[SourceTitle "EXT 2019"]
[Source "ChessBase"]
[SourceDate "2018.10.10"]
[SourceVersion "1"]
[SourceVersionDate "2018.10.10"]
[SourceQuality "1"]

1. d4 d5 2. c4 dxc4 3. e4 e5 4. Nf3 exd4 5. Bxc4 Nc6 6. 0-0 Be6 7. Bb5 Bc5 8. b4 Bb6 9. a4 a6 10. Bxc6+ bxc6 11. a5 Ba7 12. Bb2 Nf6 13. Bxd4 Nxe4 14. Bxa7 Qxd1 15. Rxd1 Rxa7 16. Ne5 Bd5 17. f3 Nf6 18. Nc3 0-0 19. Rd4 Re8 20. Nd3 Kf8 21. Kf2 Re6 22. Nc5 Rd6 23. Rad1 Ke7 24. h4 1/2-1/2